Loading...

Haaji Muraad/

Bibliographic Details
Main Author: Tolstoy,Leo
Other Authors: Govindanunni V R. Tr
Format: Printed Book
Language:English
Published: Kozhikode: Mathrubhumi books, 2005.
LEADER 00676nam a22001697a 4500
008 140718b xxu||||| |||| 00| 0 eng d
020 |a 8182641217 
082 |a 891.73 TOL/H 
100 |a Tolstoy,Leo 
245 |a Haaji Muraad/  |c Leo Tolstoy 
260 |a Kozhikode:  |b Mathrubhumi books,  |c 2005. 
300 |a 159p. 
700 |a Govindanunni V R. Tr 
942 |c BK  |2 ddc 
999 |c 257828  |d 257828 
952 |0 0  |1 0  |4 0  |6 891_730000000000000_TOL_H  |7 0  |9 287044  |a RUS  |b RUS  |c ST1  |d 2012-04-25  |i 6387M  |l 0  |o 891.73 TOL/H  |p RUS6387M  |r 2014-02-14  |w 2018-08-23  |y BK 
952 |0 0  |1 0  |4 0  |6 891_730000000000000_TOL_H  |7 0  |9 287045  |a RUS  |b RUS  |c ST1  |d 2012-05-20  |i 6596M  |l 0  |o 891.73 TOL/H  |p RUS6596M  |r 2014-02-14  |w 2018-08-23  |y BK